000 00947nam a2200265Ia 4500
003 OSt
005 20221005113229.0
006 a|||||r|||| 00| 0
007 ta
008 221004b |||||||| |||| 00| 0 pan d
020 _a9789387276840 (pbk)
_cINR 400.00
024 _a65523
037 _b1168, 30/12/2019, H.K. Prakashan
_cTextual
040 _aCRL
_cCRL
_bpan
041 _2pan
_apan
082 _aQ8441xI69, 153Q9
100 _aਤਾਜੁਦੀਨ, ਂਚ.
245 0 _aਸੱਯਾਹਤੋ ਬਾਬਾ ਨਾਨਕ
260 _aਪਟਿਆਲਾ
_bਗ੍ਰੇFਿਅਸ ਬੁਕਸ ਅਤੇ ਨਾਦ ਪ੍ਰਗਾਸੁ ਭਾਰਤ
_c2019
300 _a298ਪੰ
_ccm.
650 _a ਸਿੱਖ ਧਰਮ
_9156314
650 _aਸ਼ਚਅਹ਼ਲਜ
942 _hQ8441xI69, 153Q9
_cTEXL
_2cc
999 _c1027475
_d1027475